000 00590cam a2200193ua 4500
001 1896
008 110811n ii |||gr||||Z||||||eng
020 _a0-87692-518-2
040 _cMAIN
082 _a302.35
100 _aRobbins, Stephen P.,
_eAuthor.
245 1 _aOrganisational behaviour concepts, controversies and applications
_cby Stephen P. Robbins
250 _a3rd.
260 _aNew Delhi:
_bPrentice hall of india pvt. ltd,988.
300 _a554p:
_c23cm.
653 _aEducation
653 _aOrganisational behaviour concepts, controversies and applications
942 _cBK
999 _c1771
_d1771